The road to ruin/ (Record no. 51137)

MARC details
000 -LEADER
fixed length control field 00906nam a2200325 a 4500
001 - CONTROL NUMBER
control field vtls000046884
003 - CONTROL NUMBER IDENTIFIER
control field NLI
005 - DATE AND TIME OF LATEST TRANSACTION
control field 20210601185433.0
008 - FIXED-LENGTH DATA ELEMENTS--GENERAL INFORMATION
fixed length control field 101125s1933 enk 000 p eng
039 #9 - LEVEL OF BIBLIOGRAPHIC CONTROL AND CODING DETAIL [OBSOLETE]
-- 201011250431
-- VLOAD
040 0# - CATALOGING SOURCE
Original cataloging agency NLI
Language of cataloging eng
Transcribing agency VERGIS-2003
041 0# - LANGUAGE CODE
Language code of text/sound track or separate title eng
044 ## - COUNTRY OF PUBLISHING/PRODUCING ENTITY CODE
MARC country code enk
082 04 - DEWEY DECIMAL CLASSIFICATION NUMBER
Classification number 821.91
100 1# - MAIN ENTRY--PERSONAL NAME
Personal name Sassoon, Siegfried
245 14 - TITLE STATEMENT
Title The road to ruin/
Statement of responsibility, etc. Siegfried Sassoon
260 ## - PUBLICATION, DISTRIBUTION, ETC.
Place of publication, distribution, etc. London:
Name of publisher, distributor, etc. Faber and Faber,
Date of publication, distribution, etc. 1933
300 ## - PHYSICAL DESCRIPTION
Extent 23 p.;
Dimensions 23 cm.
650 #0 - SUBJECT ADDED ENTRY--TOPICAL TERM
Topical term or geographic name entry element English poetry
Chronological subdivision 20th century
9 (RLIN) 117738
887 ## - NON-MARC INFORMATION FIELD
Content of non-MARC field P. Nirmaladevi
901 ## - LOCAL DATA ELEMENT A, LDA (RLIN)
a N.A. 414
b 12/02/1975
902 ## - LOCAL DATA ELEMENT B, LDB (RLIN)
a E 821.91 Sa 79 r
903 ## - LOCAL DATA ELEMENT C, LDC (RLIN)
a 31/05/2004
904 ## - LOCAL DATA ELEMENT D, LDD (RLIN)
a P. Nirmaladevi
906 ## - LOCAL DATA ELEMENT F, LDF (RLIN)
a 049516
949 ## - LOCAL PROCESSING INFORMATION (OCLC)
-- VIRTUAITEM
-- 10000
-- 1
-- 100
6 NAX000000414ENG
a E 821.91 Sa79r
942 ## - ADDED ENTRY ELEMENTS (KOHA)
Source of classification or shelving scheme Dewey Decimal Classification
Koha item type Books
Holdings
Withdrawn status Lost status Damaged status Not for loan Collection code Home library Current library Shelving location Date acquired Total Checkouts Full call number Barcode Date last seen Price effective from Koha item type
        New English National Library of India National Library of India New English - Main Stack Division     E 821.91 Sa 79 r NAX000000414ENG 01/06/2021 01/06/2021 Books
                                                                           
web counter

Copyright ©2020 The National Library of India, Govt. of India ↔ Hosted by NVLI, MOC ↔ Technology and Design by National Library of India, Ministry of Culture, Govt. of India